[Event "FRA-chT4 0304"]
[Site "Bretagne"]
[Date "2004.03.14"]
[Round "6"]
[White "Grouazel, Fernand"]
[Black "Le Goff, Samuel"]
[Result "1-0"]
[WhiteElo "1410"]
[BlackElo "1550"]
[PlyCount "47"]
[EventDate "2003.10.12"]
[EventType "team-tourn"]
[EventRounds "9"]
[EventCountry "FRA"]
[SourceTitle "EXT 2005"]
[Source "ChessBase"]
[SourceDate "2004.11.15"]
[SourceVersion "1"]
[SourceVersionDate "2004.11.15"]
[SourceQuality "1"]

1. e4 e5 2. Nf3 Nc6 3. Bc4 Bc5 4. 0-0 Nf6 5. d3 d6 6. Be3 Bxe3 7. fxe3 Bg4 8. Nbd2 0-0 9. h3 Bh5 10. g4 Bg6 11. Nh4 Ne7 12. Nxg6 Nxg6 13. Qe1 Qd7 14. Qg3 d5 15. exd5 Nxd5 16. Rf3 c6 17. Raf1 Qe7 18. g5 h5 19. gxh6 gxh6 20. e4 Ndf4 21. Rxf4 exf4 22. Qxg6+ Kh8 23. Qxh6+ Kg8 24. Kh1 1-0